000
00200 a2200097 4500
020
_a
9780765280343
041
_a
spa
100
_a
chernin limond marilyn
245
_a
yo no te veo hermosa
942
_c
BK
999
_c
10837
_d
10837